Kentlerde yaşayan ücretli kesimin telafi edici ve tamamlayıcı gelir kaynakları: Bursa örneği (Record no. 7256)

MARC details
000 -BAŞLIK
Sabit Uzunlukta Kontrol Alanı 00779na a2200253 4500
001 - KONTROL NUMARASI
Denetim Alanı 20497
003 - KONTROL NUMARASI IDENTIFIER
Denetim Alanı MIRAKIL
005 - SON İŞLEM TARİHİ VE ZAMANI
Denetim Alanı 20181213155132.0
008 - SABİT-BOY VERİ ELEMANLARI - GENEL BİLGİLER
Sabit Uzunlukta Kontrol Alanı 170123b tu 000 0
040 ## - KATALOGLAMA KAYNAK
Orijinal Kataloglama Ajansı Milas
Kataloglama Dili tur
Metne Dönüştürmek Ajansı TR-AnCHP
041 ## - DİL KODU
Metin / Ses Parça Veya Ayrı Başlığın Dil Kodu tur
082 ## - DEWEY ONLU SINIFLANDIRMA NUMARASI
Sınıflandırma Numarası 339.2
Ürün Numarası D94k 1993
090 ## - SINIFLAMA NUMARASI
Sınıflama Numarası 339.2 D94k 1993
100 ## - ANA GİRİŞ - KİŞİSEL İSİM
Kişisel Ad Dülgeroğlu, Ercan
245 ## - BAŞLIK TABLOSU
Başlık Kentlerde yaşayan ücretli kesimin telafi edici ve tamamlayıcı gelir kaynakları: Bursa örneği
Sorumluluk Tablosu, Vb Ercan Dülgeroğlu...[ve öte]
246 ## - UNVAN FORM VARYING
Başlık Doğru / Kısa Başlığı Araştırma sonuçları
260 ## - YAYIN, DAĞITIM, VB
Yayın, Dağıtım, Vb Yeri İstanbul
Yayıncı, Dağıtıcı, Vs Adı FES
Yayın, Dağıtım, Vb Tarihi 1993
300 ## - FİZİKSEL TANIM
Kapsam 197 s.
Diğer Fiziksel Ayrıntıları tbl.
Boyutlar 22 sm.
504 ## - KAYNAKÇA VB NOT
Kaynakça Vb Notu Kaynakça var.
650 ## - KONU KATMA GİRİŞ - TOPİKAL DÖNEM
Topikal Süreli Veya Coğrafi Ad Giriş Elemanı Gelir kaynakları
Coğrafi Alt Bölümü Coğrafya
710 ## - KATMA GİRİŞ - KURUMSAL ADI
Giriş Elemanı Olarak Kurumsal Ad Veya Yargı Alanı Adı Friedrich Ebert Vakfı (FES)
740 ## - KATMA GİRİŞ - KONTROLSUZ İLGİLİ / ANALİTİK BAŞLIK
Kontrol Edilmeyen / İlgili Analitik Başlıktaki Araştırma sonuçları
942 ## - EKLENDİ GİRİŞ ELEMANLARI (KOHA)
Sınıflandırma Veya Raf Düzeni Kaynak Dewey Decimal Classification
Koha Öğesi Türü Books
999 ## - SİSTEM KONTROL NUMARALARI (KOHA)
Koha Biblionumber 7256
Koha Biblioitemnumber 7256
Holdings
Kalıcı Konum Mevcut Konum Edinme Tarihi Edinim Kaynak Toplam Check-Out'Lar Tam Çağrı Numarası Barkod Tarih Son Görülme İtibaren Geçerli Fiyatlar Koha Öğesi Türü
CHP Kütüphanesi CHP Kütüphanesi 01/23/2017 Bağış   339.2 D94k 1993 012054 01/23/2017 01/23/2017 Books